Регионална библиотека "Любен Каравелов" - Русе

Толкова много емоции (Запис номер 492258)

MARC детайли
000 -Лидер
Лидер 01297nam a2200277 a 4500
003 - Код на организацията, давaща контролен номер
Код на организацията, даваща контролен номер BLK
005 - Дата и час на последна редакция
Дата и час на последна редакция 20250614132108.0
008 - Елементи от данни с фиксирана дължина
Елементи с фиксирана дължина 190508b bu |||||r|||| 00| 0 bu d
020 ## - Международен стандартен номер на книга ISBN
ISBN 9786190211594
040 ## - Източник на каталожния запис
Код на библиотеката BLK
041 ## - Код за език
Език Български
Език за КДБФ Български
080 ## - УДК
УДК текст Издания за деца и юноши. Книжки-картинки. Читанки. Вж и 372.4
УДК код 087.5
УДК – код + определител 087.5
100 ## - Редна дума - Автор
Автор Као, Мари
R(LIN) 488043
245 ## - Сведения за заглавието
Заглавие Толкова много емоции
Авторска отговорност Мари Као ; ил. Youlie ; прев. Албена Шарбанова.
260 ## - Област на издателските данни
9 (RLIN) 209486
Място на издаване София
Име на издателя Колибри
Година на издаване 2023
Печатница София: Дедракс
300 ## - Физическа характеристика
Брой страници [24] с.
Илюстрации с цв. ил.
Размер 17 x 17 см
380 ## - Жанр
Жанр Детска отраслова лит.
490 ## - СЕРИИ (Колекции)
9 (RLIN) 488044
Серия Разказвам с жестове
500 ## - Общи забележки
Обща забележка Ориг. загл.: Un trop plein d'émotions<br/>Юли - псевд. на фр. ил.<br/>Биогр. данни за авт. отбелязани на гърба на кор.<br/>Кн. от поредицата Разказвам с жестове.
700 ## - Други автори (авторска отговорност)
Друг автор Шарбанова, Албена Василева
9 (RLIN) 468423
852 ## - Местоположение
Сигнатура (форматна) Цб І 42474
Отдел Хранилище
856 ## - Електронен адрес и достъп
Инструкция (цена за достъп) 0.00
Права за достъп disable
942 ## - АРТИКУЛИ
Вид на библиотечния документ Книги
Скрит в OPAC Не
Периодичен библиозапис Да
Koha issues (borrowed), all copies 24
944 ## - СЪЗДАВАНЕ И РЕДАКЦИЯ на ЗАПИСА
Създаване/Редакция Създаване
Служител, извършил регистрацията/редакцията 30552
Дата на регистрацията/редакция 2023-07-04
Номер на служител Виолета Тройчева
999 ## - СИСТЕМНИ КОНТРОЛНИ НОМЕРА
Koha biblionumber 492258
Koha biblioitemnumber 492258
Наличности
Код за отписване Код за изгубен артикул Източник на класификационната схема Код за повреда Коз за рестрикции Код за отдаване Артикулен № Име на библиотеката - собственик Име на библиотеката, в която се намира в момента Статус (Текущо местоположение) Дата на вписване в системата Местоположение - отдел Цена в лева Инвентарен номер Систематично азбучна сигнатура Баркод Цена в евро Служебен тип на артикула
  Не е изгубен Universal Decimal Classification Не е повреден само за читалня ползва се в читалня 929306 Регионална библиотека "Любен Каравелов" Русе Регионална библиотека "Любен Каравелов" Русе Хранилище 2023-07-11 Хранилище 12.00 120000889115 Цб І 42474 120000889115 6.14 Книги
  Не е изгубен Universal Decimal Classification Не е повреден   заемане за дома 936512 Регионална библиотека "Любен Каравелов" Русе Регионална библиотека "Любен Каравелов" Русе Детски отдел 2023-11-10 Детски отдел 7.80 120000895575 087.5/К 25 М 120000895575 3.99 Книги
  Не е изгубен Universal Decimal Classification Не е повреден   заемане за дома 936513 Регионална библиотека "Любен Каравелов" Русе Регионална библиотека "Любен Каравелов" Русе Детски отдел 2023-11-10 Детски отдел 7.80 120000895574 087.5/К 25 М 120000895574 3.99 Книги
  Не е изгубен Universal Decimal Classification Не е повреден   заемане за дома 936514 Регионална библиотека "Любен Каравелов" Русе Регионална библиотека "Любен Каравелов" Русе Детски отдел 2023-11-10 Детски отдел 7.80 120000895576 087.5/К 25 М 120000895576 3.99 Книги
Vip Innovations Ltd, Rousse, Bulgaria 2025